Statistics for Top Manchester United Transfers by Year Since 2000

Click here to take the quiz!

General Stats

  • This quiz has been taken 33 times
    (11 since last reset)
  • The average score is 19 of 24

Answer Stats

YearPlayerNationalityFromCountryFee% Correct
2003Cristiano RonaldoPortugueseSporting LisbonPortugal€19m
100%
2004Wayne RooneyEnglishEvertonEngland€37m
100%
2015Anthony MartialFrenchAS MonacoFrance/Monaco€60m
91%
2022AntonyBrazilianAjaxNetherlands€95m
91%
2020Bruno FernandesPortugueseSporting LisbonPortugal€65m
91%
2008Dimitar BerbatovBulgarianTottenham HotspursEngland€38m
91%
2005Nemanja VidicSerbianSpartak MoscowRussia€10.5m
91%
2016Paul PogbaFrenchJuventusItaly€105m
91%
2012Robin van PersieDutchArsenalEngland€30.7m
91%
2014Ángel Di MariaArgentinianReal MadridSpain€75m
82%
2009Antonio ValenciaEcuadorianWigan AthleticEngland€18.8m
82%
2011David de GeaSpanishAtlético MadridSpain€25m
82%
2018FredBrazilianShakhtar DonetskUkraine€59m
82%
2019Harry MaguireEnglishLeicester CityEngland€87m
82%
2021Jadon SanchoEnglishBorussia DortmundGermany€85m
82%
2013Juan MataSpanishChelseaEngland€44.73m
82%
2023Rasmus HojlundDanishAtalantaItaly€75m
82%
2017Romelu LukakuBelgianEvertonEngland€84.7m
82%
2007AndersonBrazilianFC PortoPortugal€31.5m
73%
2002Rio FerdinandEnglishLeeds UnitedEngland€46m
73%
2001Juan Sebastián VerónArgentinianLazioItaly€42.6m
64%
2006Michael CarrickEnglishTottenham HotspursEngland€27.2m
55%
2000Fabien BarthezFrenchMonacoFrance/Monaco€11.7m
45%
2010BebéPortugueseVitoria GuimaraesPortugal€8.8m
27%

Score Distribution

Percentile by Number Answered

Percent of People with Each Score

Your Score History

You have not taken this quiz since the last reset